| 000 | 00929nam a22002055i 4500 | ||
|---|---|---|---|
| 001 | 153218 | ||
| 003 | ES-MaACL | ||
| 005 | 20230906205058.0 | ||
| 008 | 950223s1891 sp |||| | spa d | ||
| 040 |
_aCARM _bspa _cCCPB | SIC |
||
| 245 | 0 | 0 |
_aCompilación de las disposiciones orgánicas de la Administración de Justicia en las provincias y posesiones Ultramarinas _b: aprobada por Real decreto de 5 de enero de 1891 / _cpor Emilio Bravo Moltó. |
| 260 |
_aMadrid : _b[s.n.], _c1891 ( _fEstablecimiento Tipográfico de Pedro Nuñez) |
||
| 300 |
_a272 p. ; _c18 cm. |
||
| 490 | 1 | _aBiblioteca judicial | |
| 500 | _aEn antep. consta: "Organización judicial vigente, tomo tercero" | ||
| 700 | 0 |
_aBravo Moltó, Emilio. _931493 |
|
| 830 | 0 |
_aBiblioteca judicial _9181856 |
|
| 852 |
_aES-MaACL _jB-6689 _z-- Enc. pasta española _x-- Edic.: Tít. en antep.: Organización judicial vigente, tomo tercero |
||
| 999 |
_c153218 _d153218 |
||